| 000 | 01529nam0a2200397 4500 | ||
|---|---|---|---|
| 001 | RU\NLR\bibl\65965 | ||
| 005 | 20250616093232.0 | ||
| 020 |
_aRU _b98-24768 _9Книжная летопись |
||
| 021 |
_aRU _b98-15508 _9734 |
||
| 035 | _a(NLR Aleph) 000064347 | ||
| 090 |
_a352091 _c352091 |
||
| 100 | _a19990528d1997 |||y0rusy50 ca | ||
| 101 | 0 | _arus | |
| 102 | _aRU | ||
| 105 | _ay ||||||||| | ||
| 200 | 1 |
_aБольшевизм как феномен предцивилизованного мышления _e(Опыт психогенеза соврем. человека) _fР. К. Салихов |
|
| 210 |
_aСамара _cБ. и. _d1997 |
||
| 215 |
_a64 с. _d21 |
||
| 320 | _aБиблиогр.: с. 63 (25 назв.) | ||
| 606 | 0 |
_aМышление _xФилософские вопросы _92133226 _3RU\NLR\auth\661286699 |
|
| 606 | 0 |
_aРусские _xМенталитет _xСоциально-философские вопросы _92137918 _3RU\NLR\auth\661288935 |
|
| 610 | 0 | _aПолитическая психология | |
| 610 | 0 | _aСоциально-историческая психология | |
| 610 | 0 | _aСоциалистическое общество | |
| 675 |
_a159.922 _v3 _zrus |
||
| 686 |
_a15 _2rugasnti |
||
| 686 |
_a88 _2rubbk |
||
| 686 | _aЮ212.2 | ||
| 686 | _aС550.67 | ||
| 700 | 1 |
_aСалихов _bР. К. _4070 |
|
| 801 | 0 |
_aRU _bRKP _c19990528 _gPSBO |
|
| 801 | 1 |
_aRU _bRKP _c19990528 |
|
| 801 | 2 |
_aRU _bNLR _c20000204 _grcr |
|
| 852 |
_aNLR _j98-4/6377 |
||
| 942 | _cBOOK | ||
| 980 | _aNB | ||